Online Catalogue and eLibrary

Vimarisana muraiyiyal (Record no. 4198)

MARC details
000 -LEADER
fixed length control field 00365nam a2200145Ia 4500
005 - DATE AND TIME OF LATEST TRANSACTION
control field 20250318020056.0
008 - FIXED-LENGTH DATA ELEMENTS--GENERAL INFORMATION
fixed length control field 240331s9999 xx 000 0 und d
082 ## - DDC Classification
Item Number - Author Mark KRI
Class No. 894
100 ## - MAIN ENTRY--PERSONAL NAME
Personal name Krishnaraja, S
245 #0 - TITLE STATEMENT
Title Vimarisana muraiyiyal
260 ## - PUBLICATION, DISTRIBUTION, ETC.
Place of publication, distribution, etc. Madras
Name of publisher, distributor, etc. South Asian Books
Date of publication, distribution, etc. 1992
300 ## - PHYSICAL DESCRIPTION
Extent (e.g. Volumes, Pages etc.) 86 p .,
500 ## - GENERAL NOTE
General note A book of Vimarisana Meiyiyal
942 ## - Koha item type (Biblio)
Koha item type Books in Stacks (Lending)
Holdings
Lost status Damaged status Collection code Home library Current library Shelving location Date acquired Full call number Accession Number Item type
    Lending WERC Library WERC Library Social Science Cupboard 03/31/2024 894.811 KRI 1534 Books in Stacks (Lending)

© WERC Library